000 00570nam a2200157Ia 4500
008 100122s9999 xx 000 0 und d
082 _b69104
_aBM823.08
100 _aभावे अनंत
245 _aअज्जब गोष्टी गज्जब गोष्टी
250 _a0
260 _bमनोविकास प्रकाशन
_c2005
300 _a125
630 _aअज्जब गोष्टी गज्जब गोष्टी
730 _aअज्जब गोष्टी गज्जब गोष्टी
942 _cBOOK
999 _c440556
_d440553